Oscar Nominated Actors - Sudden Death - Statistics

General Stats
  • This quiz has been taken 178 times
  • The average score is 20 of 33
Answers on the Grid
Answers color-coded by a green-red scale on the quiz's grid according to % correct below.
Jesse Plemons
Kirsten Dunst
Matt Damon
Danny Glover
Don Johnson
Robin Williams
Giancarlo Esposito
Michelle Yeoh
Dave Bautista
Meryl Streep
Christoph Waltz
Ke Huy Quan
James Hong
Riz Ahmed
Viola Davis
Bill Murray
Steven Yeun
Nicolas Cage
Jennifer Jason Leigh
Jamie Foxx
Philip Seymour Hoffman
Carrie Fisher
Joe Pesci
Jack Nicholson
Amy Adams
Thomasin McKenzie
Margot Robbie
Frances McDormand
Jackie Chan
Tyrese Gibson
Sylvester Stallone
Diego Luna
Samuel L. Jackson
Sam Rockwell
Margaret Qualley
Keanu Reeves
Mike Myers
Kate Winslet
Willem Dafoe
Bryan Cranston
Danny DeVito
Nicole Kidman
Christopher Lee
Michael Keaton
Jennifer Lawrence
Mark Hamill
Marlon Brando
Ben Kingsley
Will Smith
Jim Carrey
 
Answer Stats
Answer % Correct
Meryl Streep
82%
Jamie Foxx
81%
Matt Damon
79%
Nicolas Cage
79%
Jack Nicholson
78%
Philip Seymour Hoffman
75%
Robin Williams
75%
Frances McDormand
70%
Michelle Yeoh
70%
Christoph Waltz
69%
Viola Davis
67%
Kate Winslet
65%
Amy Adams
63%
Will Smith
63%
Joe Pesci
62%
Nicole Kidman
62%
Jennifer Lawrence
61%
Marlon Brando
61%
Ben Kingsley
60%
Bill Murray
60%
Willem Dafoe
57%
Margot Robbie
56%
Samuel L. Jackson
56%
Michael Keaton
55%
Sam Rockwell
52%
Ke Huy Quan
51%
Sylvester Stallone
47%
Kirsten Dunst
46%
Bryan Cranston
39%
Jesse Plemons
35%
Riz Ahmed
33%
Steven Yeun
31%
Jennifer Jason Leigh
28%
No matching quizzes found
Score Distribution
Percent of People with Each Score
Percentile by Number Answered
Your Score History
You have not taken this quiz